Complete French/ (Record no. 96636)

MARC details
000 -LEADER
fixed length control field 00737nam a22002297a 4500
005 - DATE AND TIME OF LATEST TRANSACTION
control field 20150903175035.0
008 - FIXED-LENGTH DATA ELEMENTS--GENERAL INFORMATION
fixed length control field 150903b xxu||||| |||| 00| 0 eng d
010 ## - LCCN (DPL NO)
LC control number B-598021
020 ## - INTERNATIONAL STANDARD BOOK NUMBER
International Standard Book Number 9781444177268
Terms of availability 450.00
035 ## - SYSTEM CONTROL NUMBER
System control number B-598021
037 ## - SOURCE OF ACQUISITION
Source of stock number/acquisition UBH
040 ## - CATALOGING SOURCE
Original cataloging agency dpl
Language of cataloging eng
082 ## - DEWEY DECIMAL CLASSIFICATION NUMBER
Classification number 494
100 ## - MAIN ENTRY--PERSONAL NAME
Personal name Graham, Gaelle
245 ## - TITLE STATEMENT
Title Complete French/
Statement of responsibility, etc by Gaelle Graham;edited by Paul Coggle
260 ## - PUBLICATION, DISTRIBUTION, ETC. (IMPRINT)
Place of publication, distribution, etc UK
Name of publisher, distributor, etc Hachette
Date of publication, distribution, etc 2012
300 ## - PHYSICAL DESCRIPTION
Extent 400p
Dimensions 20cm (pbk)
490 ## - SERIES STATEMENT
Series statement Teach Yourself
700 ## - ADDED ENTRY--PERSONAL NAME
Personal name Coggle, Paul
942 ## - ADDED ENTRY ELEMENTS (KOHA)
Source of classification or shelving scheme Dewey Decimal Classification
Item type English Books
Classification part 494
Call number suffix GRA
Holdings
Withdrawn status Lost status Source of classification or shelving scheme Damaged status Not for loan Collection code Home library Current library Shelving location Date acquired Source of acquisition Cost, normal purchase price Total Checkouts Full call number Barcode Date last seen Copy number Koha item type
    Dewey Decimal Classification     Non-fiction Sarojini Nagar Sarojini Nagar Reference 03/09/2015 UBH/059/30.6.15/DPL/ZLS/RP/2015-16/1/46/29.6.15/14.7.15 450.00   494 GRA B-598021 03/09/2015 1 English Books

© Delhi Public Library
Hit Counter
free hit counter